| 000 | 00387nam a2200157Ia 4500 | ||
|---|---|---|---|
| 005 | 20241004132611.0 | ||
| 008 | 240806s9999||||xx |||||||||||||| ||eng|| | ||
| 041 | _aeng | ||
| 082 |
_a305.8954 _bSENI |
||
| 100 | _aKumar, Senthil M. ; Rajesh S. | ||
| 245 | 0 |
_aIndian society / _cKumar, Senthil M. ; Rajesh S. |
|
| 260 | _bPearson | ||
| 300 | _a239p. | ||
| 650 | _aSociology | ||
| 942 | _cBK | ||
| 999 |
_c1116 _d1116 |
||